Handbook of appraisal guidelines for the valuation of real estate assets. (Record no. 94514)

MARC details
000 -LEADER
fixed length control field 00635cam a2200229 4500
008 - FIXED-LENGTH DATA ELEMENTS--GENERAL INFORMATION
fixed length control field 090401t1991 xxu||||| |||| 00| 0 eng d
020 ## - INTERNATIONAL STANDARD BOOK NUMBER
International Standard Book Number 092005899X
035 ## - SYSTEM CONTROL NUMBER
System control number (Sirsi) u63185
041 ## - LANGUAGE CODE
Language code of text/sound track or separate title eng
050 ## - LIBRARY OF CONGRESS CALL NUMBER
Classification number 333.3320971
110 ## - MAIN ENTRY--CORPORATE NAME
Corporate name or jurisdiction name as entry element Appraisal Institute of Canada
9 (RLIN) 829
245 ## - TITLE STATEMENT
Title Handbook of appraisal guidelines for the valuation of real estate assets.
260 ## - PUBLICATION, DISTRIBUTION, ETC.
Place of publication, distribution, etc. Winnipeg
Name of publisher, distributor, etc. Appraisal Institute of Canada
Date of publication, distribution, etc. 1991
300 ## - PHYSICAL DESCRIPTION
Extent 1v.(looseleaf)
350 ## - PRICE (NR) (BK AM CF MU VM SE) [OBSOLETE]
Price 0
650 ## - SUBJECT ADDED ENTRY--TOPICAL TERM
Topical term or geographic name entry element CANADA
650 ## - SUBJECT ADDED ENTRY--TOPICAL TERM
Topical term or geographic name entry element PROPERTY ASSETS
650 ## - SUBJECT ADDED ENTRY--TOPICAL TERM
Topical term or geographic name entry element Valuation
9 (RLIN) 6273
690 ## - LOCAL SUBJECT ADDED ENTRY--TOPICAL TERM (OCLC, RLIN)
Topical term or geographic name as entry element RATING AND VALUATION
942 ## - ADDED ENTRY ELEMENTS (KOHA)
Suppress in OPAC 0
948 ## - LOCAL PROCESSING INFORMATION (OCLC); SERIES PART DESIGNATOR (RLIN)
c (OCLC) 04/03/1997
Holdings
Withdrawn status Lost status Source of classification or shelving scheme Damaged status Not for loan Home library Current library Shelving location Date acquired Total Checkouts Full call number Barcode Date last seen Date last checked out Copy number Price effective from Koha item type
    Dewey Decimal Classification     London London Reference copy 23/10/1991 2 RED BOOKS 30024515 23/04/2024 20/10/2000 1 06/08/2019 Book